|
|
|
|
| LEADER |
00595cam a2200181 7i4500 |
| 001 |
0000008441 |
| 005 |
20170218090000.0 |
| 020 |
|
|
|a 0135090938
|
| 090 |
0 |
0 |
|a HG4523
|b .F33 1992
|
| 100 |
1 |
|
|a Fabozzi, Frank J
|
| 245 |
1 |
0 |
|a Capital markets :
|b institutions and instruments
|c Frank Fabozzi, Franco Modigliani.
|
| 260 |
|
|
|a Upper Saddle River, N.J.:
|b Prentice Hall,
|c 1992.
|
| 300 |
|
|
|a xvi, 768 p.;
|c 24 cm.
|
| 500 |
|
|
|a Includes index
|
| 650 |
0 |
0 |
|a Capital market
|
| 700 |
1 |
|
|a Modigliani, Franco
|
| 997 |
|
|
|a Business & Accountancy, Faculty
|
| 999 |
|
|
|a 0000001874
|b BOK
|c OPEN SHELF
|e 1st Floor, Shah Alam
|